[Event "23rd Leuven Open"]
[Site "Leuven BEL"]
[Date "2011.11.12"]
[Round "5.4"]
[White "Froeyman,H"]
[Black "Colijn,S"]
[Result "1/2-1/2"]
[WhiteElo "2284"]
[BlackElo "2202"]

1.e4 e6 2.d4 d5 3.Nc3 Bb4 4.e5 Qd7 5.a3 Bxc3+ 6.bxc3 b6 7.Qg4 Kf8 8.a4 Ne7
9.Ba3 Ba6 10.Bxa6 Nxa6 11.Ne2 Kg8 12.Ng3 Ng6 13.Nh5 Qxa4 14.Nxg7 Qxc2 15.Nh5 Qxc3+
16.Ke2 Qc2+ 17.Ke3 Qc3+ 18.Ke2 Qc2+ 19.Ke3 Qc3+ 20.Ke2  1/2-1/2

[Event "23rd Leuven Open"]
[Site "Leuven BEL"]
[Date "2011.11.13"]
[Round "7.7"]
[White "Leunis,Geert"]
[Black "Wiley,To"]
[Result "0-1"]
[WhiteElo "2252"]
[BlackElo "2292"]

1.e4 e6 2.d4 d5 3.Nc3 Bb4 4.e5 Ne7 5.Bd2 Bxc3 6.Bxc3 b6 7.b4 c5 8.dxc5 bxc5
9.bxc5 Ba6 10.Bd4 Bxf1 11.Kxf1 Nd7 12.c4 dxc4 13.Qa4 O-O 14.Qxc4 Qc7 15.f4 Nb6
16.Qe2 Nbd5 17.g3 Nc6 18.Bf2 f6 19.exf6 Rxf6 20.Nf3 Raf8 21.Rd1 Nxf4 22.gxf4 Qxf4
23.Rd3 Qg4 24.h3 Qh5 25.Kg2 Ne5 26.Qxe5 Qg6+ 27.Bg3 Qxd3 28.Nd4 Rg6 29.Re1 Rxg3+
30.Qxg3 Qxd4 31.Qe3 Qd5+ 32.Kh2 Kh8 33.Re2 h6 34.Rf2 Rc8 35.Rd2 Qc4 36.Qe5 Rxc5
37.Qb2 Qf4+ 38.Kh1 Qf3+ 39.Kh2 Qf4+ 40.Kh1 Rh5 41.Rd8+ Kh7 42.Qg2 Qc1+ 43.Kh2 Qc7+  0-1

[Event "2nd Brno Open"]
[Site "Brno CZE"]
[Date "2011.11.14"]
[Round "3"]
[White "Vermirovsky,V"]
[Black "Yakimenko,Alex"]
[Result "1/2-1/2"]
[WhiteElo "1991"]
[BlackElo "2260"]

1.e4 e6 2.d4 d5 3.Nc3 Bb4 4.e5 b6 5.Qg4 Bf8 6.Bg5 Qd7 7.Bb5 c6 8.Ba4 a5 9.Bb3 Bb4
10.a3 Bxc3+ 11.bxc3 Ba6 12.Nf3 h5 13.Qf4 Ne7 14.Nd2 Qc7 15.c4 Ng6 16.Qe3 b5
17.cxd5 cxd5 18.c3 Nd7 19.O-O Rc8 20.Rfc1 Nb6 21.Bd1 Ne7 22.Nb3 Nf5 23.Qf3 Na4
24.Bd2 Qb6 25.Bc2 Ne7 26.Rab1 Nc6 27.Bd3 Qc7 28.Qe2 Rb8 29.f4 g6 30.Nc5 Nxc5
31.dxc5 Ne7 32.Be3 a4 33.Bxb5+ Bxb5 34.Rxb5 O-O 35.Rcb1 Nc6 36.Rxb8 Rxb8
37.Rb6 Na5 38.Qb5 Rxb6 39.Qxb6 Qxb6 40.cxb6 Kf8 41.Kf2 Ke7 42.Ke2 Kd7 43.Kd3 Kc6
44.h3 Nc4 45.Bc5 Na5 46.Be3 Nc4 47.Bc5 Nb2+ 48.Kc2 Nc4 49.Kd3 Na5 50.Bd4 Nc4
51.Bc5 Na5  1/2-1/2

[Event "WYCC U14 Open"]
[Site "Caldas Novas BRA"]
[Date "2011.11.19"]
[Round "2"]
[White "Antipov,M2"]
[Black "Pamatmat,J"]
[Result "1-0"]
[WhiteElo "2428"]
[BlackElo "2132"]

1.e4 e6 2.d4 d5 3.Nc3 Bb4 4.e5 Ne7 5.a3 Bxc3+ 6.bxc3 c5 7.Nf3 Qc7 8.Bd3 b6
9.O-O Ba6 10.Bxa6 Nxa6 11.Qd3 Nb8 12.dxc5 bxc5 13.c4 Nbc6 14.cxd5 exd5 15.Qe3 Nd8
16.Nh4 Ne6 17.f4 g6 18.Rb1 Qc6 19.Bd2 Rc8 20.Qf2 Ng7 21.Nf3 h6 22.Rbe1 Rb8
23.Qh4 Nef5 24.Qf2 Kd7 25.e6+ Kc7 26.exf7 Rhf8 27.Ne5 Qb6 28.Rb1 Qd6 29.Ba5+ Kc8
30.c3 Ne6 31.Rxb8+ Qxb8 32.Qe2 Qb7 33.Nxg6  1-0

[Event "TCh-FIN SM-Liiga 2011-12"]
[Site "Porvoo FIN"]
[Date "2011.11.19"]
[Round "5.4"]
[White "Nyysti,S"]
[Black "Tolonen,L"]
[Result "1-0"]
[WhiteElo "2332"]
[BlackElo "2267"]

1.e4 e6 2.d4 d5 3.Nc3 Bb4 4.e5 Qd7 5.a3 Bxc3+ 6.bxc3 b6 7.Qg4 f5 8.Qg3 Ba6
9.Bxa6 Nxa6 10.Ne2 O-O-O 11.a4 Kb7 12.O-O Nb8 13.a5 Nc6 14.axb6 axb6 15.c4 dxc4
16.Qa3 Nb8 17.Bg5 Re8 18.d5 exd5 19.Nd4 Re6 20.Qa8+ Kc8 21.Ra7  1-0

[Event "Caissa IM November 2011"]
[Site "Kecskemet HUN"]
[Date "2011.11.24"]
[Round "7.1"]
[White "Hajnal,Z"]
[Black "Varga,Kl"]
[Result "1-0"]
[WhiteElo "2425"]
[BlackElo "2127"]

1.e4 e6 2.d4 d5 3.Nc3 Bb4 4.e5 Ne7 5.Bd2 b6 6.Nce2 Bxd2+ 7.Qxd2 Ba6 8.h4 c5
9.h5 h6 10.c3 Nbc6 11.f4 Rc8 12.Nf3 cxd4 13.Nexd4 Bxf1 14.Rxf1 Na5 15.g4 Qd7
16.O-O-O b5 17.Kb1 Nc4 18.Qe2 a5 19.f5 Rb8 20.b3 Na3+ 21.Kb2 b4 22.cxb4 axb4
23.fxe6 fxe6 24.Nh4 Nb5 25.Qf3 Nxd4 26.Rxd4 Qa7 27.Qf7+ Kd7 28.Nf5 Rhe8 29.Rfd1 Ra8
30.a4 bxa3+ 31.Ka2 Qc5 32.R1d2 Rab8 33.Nxg7 Qb6 34.Rxd5+ exd5 35.Rxd5+ Kc7
36.Ne6+ Kb7 37.Rd7+ Ka6 38.Qf1+ Ka5 39.Qe1+ Qb4 40.Ra7+ Kb5 41.Nc7+ Kc6 42.Qxb4 Rxb4
43.Nxe8 Nd5 44.Nf6 Nxf6 45.exf6 Rxg4 46.Rh7 Kb5 47.Kxa3 Rg5 48.Rxh6 Rf5 49.Rg6 Rxh5
50.f7  1-0

[Event "Malta Open"]
[Site "Bugibba MLT"]
[Date "2011.11.26"]
[Round "9.7"]
[White "Ziegler,A"]
[Black "Quillan,G"]
[Result "1-0"]
[WhiteElo "2341"]
[BlackElo "2416"]

1.e4 e6 2.d4 d5 3.Nc3 Bb4 4.e5 Ne7 5.a3 Bxc3+ 6.bxc3 c5 7.Qg4 Qc7 8.Qxg7 Rg8
9.Qxh7 cxd4 10.Ne2 Nbc6 11.f4 Bd7 12.Qd3 dxc3 13.Qxc3 O-O-O 14.Rb1 Nf5 15.Rg1 d4
16.Qd3 Be8 17.g4 Nh4 18.Rg3 f6 19.exf6 e5 20.g5 Bh5 21.Bh3+ Kb8 22.Bg4 e4
23.Qxe4 Rge8 24.Qd3 Bg6 25.Qc4 Bf7 26.Qa4 Rd5 27.Rb5 Qd6 28.Kf2 Rxb5 29.Qxb5 a6
30.Qb6 Bc4 31.Nxd4 Qxd4+ 32.Qxd4 Nxd4 33.Bb2 Ndf5 34.Be5+ Kc8 35.Rc3 b5 36.f7 Rd8
37.Bd6  1-0

[Event "TCh-BEL 2011-12"]
[Site "Belgium BEL"]
[Date "2011.12.04"]
[Round "5.2"]
[White "Kleijn,C"]
[Black "Haub,TM"]
[Result "1/2-1/2"]
[WhiteElo "2429"]
[BlackElo "2462"]

1.e4 e6 2.d4 d5 3.Nc3 Bb4 4.e5 Qd7 5.Qg4 f5 6.Qg3 b6 7.Bd2 Ba6 8.Bxa6 Nxa6
9.Nge2 c6 10.Nf4 Nc7 11.O-O Qf7 12.Nb5 Nxb5 13.Bxb4 Ne7 14.c3 Ng6 15.Nd3 a5
16.Bd6 f4 17.Qf3 Rd8 18.Ba3 Qf5 19.Qe2 f3 20.Qxf3 Qxf3 21.gxf3 Nxa3 22.bxa3 O-O
23.Rfe1 Nh4 24.Re3 Nxf3+ 25.Kg2 Nd2 26.a4 Rc8 27.Re2 Ne4 28.Rc1 c5 29.Rec2 c4
30.Ne1 Rf4 31.f3 Ng5 32.Rb1 Rcf8 33.Rxb6 h5 34.Rf2 h4 35.h3 Kh7 36.Rb5 Ne4
37.Rc2 Ng5 38.Rf2 Ne4 39.Rc2 Ng5  1/2-1/2

[Event "2nd JAHV McGregor Open"]
[Site "Bogota COL"]
[Date "2011.12.06"]
[Round "1"]
[White "Martinez,Jor"]
[Black "Dabraccio,Guillermo"]
[Result "1-0"]
[WhiteElo "2200"]
[BlackElo "1729"]

1.e4 e6 2.d4 d5 3.Nc3 Bb4 4.e5 Ne7 5.a3 Bxc3+ 6.bxc3 c5 7.Qg4 Qa5 8.Bd2 Nbc6
9.Nf3 Bd7 10.Qxg7 O-O-O 11.Qf6 Rdf8 12.dxc5 Qxc5 13.Bd3 Ng8 14.Qxh8  1-0

[Event "80th Anniversary Mollet IM"]
[Site "Mollet del Valles ESP"]
[Date "2011.12.07"]
[Round "1"]
[White "Morros Faura,R"]
[Black "Ryan,Jo"]
[Result "1/2-1/2"]
[WhiteElo "2183"]
[BlackElo "2304"]

1.e4 e6 2.d4 d5 3.Nc3 Bb4 4.e5 Ne7 5.Qg4 c5 6.dxc5 Nbc6 7.Qxg7 Rg8 8.Qxh7 d4
9.a3 Qa5 10.Rb1 dxc3 11.Be3 cxb2+ 12.axb4 Qxb4+ 13.Bd2 Qxc5 14.f4 Bd7 15.Nf3 Nd4
16.Nxd4 Qxd4 17.Qd3 Qa4 18.Qb3 Qe4+ 19.Qe3 Bc6 20.Rxb2 Qxe3+ 21.Bxe3 Bxg2
22.Rg1 Be4 23.Rxg8+ Nxg8 24.Bd3 Bd5 25.f5 exf5 26.Bxf5 Ne7 27.Bg4 Ng6 28.Bd4 a5
29.c4 Bc6 30.h4 Nxh4 31.Rh2 Ng6 32.e6 fxe6 33.Bxe6 Ke7 34.Bf5 Rg8 35.Rh7+ Kd6
36.Rh6 Be8 37.Be4 a4 38.Bxb7  1/2-1/2

[Event "14th Metropolitan IM"]
[Site "Los Angeles USA"]
[Date "2011.12.08"]
[Round "2"]
[White "Akopian,R"]
[Black "Abrahamyan,T"]
[Result "0-1"]
[WhiteElo "2053"]
[BlackElo "2264"]

1.e4 e6 2.d4 d5 3.Nc3 Bb4 4.e5 Ne7 5.a3 Bxc3+ 6.bxc3 c5 7.Qg4 O-O 8.Bd3 Nbc6
9.Qh5 Ng6 10.Nf3 Qc7 11.Be3 Nce7 12.h4 Nf5 13.g4 Nxe3 14.fxe3 cxd4 15.O-O f6
16.cxd4 Bd7 17.Kh1 Be8 18.exf6 gxf6 19.Qh6 Qg7 20.Qxg7+ Kxg7 21.h5 Ne7 22.Kg2 h6
23.Kg3 Rc8 24.Rab1 b6 25.Rf2 Bd7 26.Rbf1 Rc3 27.Ne5 Ba4 28.Kg2 Ng8 29.Ng6 Rfc8
30.Ne7 Nxe7 31.Rxf6 Bxc2 32.Ba6 Bf5 33.R6xf5 exf5 34.Bxc8 Rxc8  0-1

[Event "XXII Cajacanarias Christmas"]
[Site "Santa Cruz de Tenerife ESP"]
[Date "2011.12.27"]
[Round "7"]
[White "Fernandez Garcia,JoseL1"]
[Black "Henriquez Garcia,D"]
[Result "1-0"]
[WhiteElo "2434"]
[BlackElo "1970"]

1.e4 e6 2.d4 d5 3.Nc3 Bb4 4.e5 b6 5.Qg4 Bf8 6.Nh3 Qd7 7.a4 Nc6 8.Qd1 Bb7
9.Nf4 O-O-O 10.Bb5 a6 11.Be2 Kb8 12.O-O h5 13.Bxh5 g5 14.Nh3 f6 15.Bg4 f5
16.Be2 g4 17.Ng5 Bh6 18.f4 Qe8 19.g3 Qg6 20.Be3 Nge7 21.Rf2 Nxd4 22.Bxd4 c5
23.b4 cxd4 24.Qxd4 Bxg5 25.fxg5 Nc6 26.Qxb6 Nxe5 27.Bxa6 Qg7 28.Nb5 Nf3+
29.Rxf3 Qxa1+ 30.Rf1  1-0

[Event "Zuerich Weihnachtsopen Masters"]
[Site "Zuerich SUI"]
[Date "2011.12.28"]
[Round "4"]
[White "Lienhard,A"]
[Black "Turci,S"]
[Result "1-0"]
[WhiteElo "2045"]
[BlackElo "2228"]

1.e4 e6 2.d4 d5 3.Nc3 Bb4 4.e5 b6 5.Bd2 Bf8 6.Nf3 Qd7 7.a4 a5 8.Be2 Ba6 9.O-O Ne7
10.Bxa6 Nxa6 11.Ne2 Nb8 12.c3 c5 13.Qb3 Nbc6 14.Qxb6 c4 15.b3 Nc8 16.Qb5 N8a7
17.Qa6 Qc7 18.b4 Rb8 19.bxa5 Nxa5 20.Rab1 Nb3 21.a5 Rb5 22.Nf4 Kd7 23.Nxd5 Rxd5
24.Rxb3 cxb3 25.c4 Rxd4 26.Nxd4 Be7 27.Nb5 Nxb5 28.Qxb5+ Qc6 29.Rb1 Rc8 30.Rxb3 Bc5
31.a6 Rc7 32.Kf1 Ra7 33.Rd3+  1-0

[Event "Cracovia Open A"]
[Site "Krakow POL"]
[Date "2011.12.29"]
[Round "3.38"]
[White "Andrenko,I"]
[Black "Polok,K"]
[Result "0-1"]
[WhiteElo "2210"]
[BlackElo "2136"]

1.e4 e6 2.d4 d5 3.Nc3 Bb4 4.e5 b6 5.Qg4 Bf8 6.f4 h5 7.Qd1 Ne7 8.Nf3 a5 9.Nh4 g6
10.Be2 Ba6 11.Bf3 Nec6 12.g3 Be7 13.Ng2 h4 14.Ne3 Bb4 15.Kf2 Ra7 16.Ne2 Bxe2
17.Kxe2 a4 18.Ng4 a3 19.Qd3 Be7 20.Rd1 Ra4 21.c3 axb2 22.Bxb2 Na5 23.Kf2 Nc4
24.Rdb1 Nc6 25.Bd1 Ra7 26.a4 N6a5 27.Bc1 Kd7 28.Ra2 hxg3+ 29.hxg3 Rh3 30.Kg1 Qh8
31.Rh2 Ra8 32.Qf3 Qh7 33.Rxh3 Qxh3 34.Ra1 Rh8 35.Ra2 Qh7 36.Rh2 Qg7 37.Ra2 Rb8
38.Rh2 Rh8 39.Ra2 c5 40.Rg2 cxd4 41.cxd4 Nc6 42.Ne3 Nxd4 43.Qf1 Bc5 44.g4 Rh3
45.Rf2 Qh8 46.Bf3 Rg3+ 47.Bg2 Nxe3 48.Bxe3 Rxe3 49.Qa6 Re1+ 50.Bf1 Nf3+ 51.Kg2 Qh2+  0-1

[Event "ch-AUS 2011-12"]
[Site "North Geelong AUS"]
[Date "2012.01.02"]
[Round "6.1"]
[White "Zhao Zong Yuan"]
[Black "Johansen,D"]
[Result "0-1"]
[WhiteElo "2564"]
[BlackElo "2403"]

1.e4 e6 2.d4 d5 3.Nc3 Bb4 4.e5 Qd7 5.a3 Bxc3+ 6.bxc3 b6 7.Qg4 f5 8.Qg3 Ba6
9.Bxa6 Nxa6 10.Ne2 O-O-O 11.O-O Nb8 12.Qd3 Nc6 13.c4 Nge7 14.Bg5 h6 15.Bxe7 Nxe7
16.a4 dxc4 17.Qxc4 Qd5 18.Qa6+ Qb7 19.Qd3 Nc6 20.a5 Nxa5 21.Nf4 Rhe8 22.Rfb1 Nc6
23.c3 Nxe5 24.Qc2 g5 25.Nh5 Nd7 26.Ra4 Re7 27.Qa2 Kb8 28.Ra1 a5 29.Rb1 e5
30.Ng3 exd4 31.Nxf5 Re5 32.Nxd4 Rde8 33.h3 Nc5 34.Ra3 Re1+ 35.Kh2 Rxb1 36.Qxb1 Qe4
37.Qf1 Qe5+ 38.g3 Qe1 39.Qg2 Qe4 40.Qf1 Rf8 41.Ra2 Nd3 42.f3 Ne5 43.Rf2 Qd5
44.f4 gxf4 45.gxf4 Nc4 46.Qe2 Nd6 47.Qe7 Re8 48.Qd7 Kb7 49.Rg2 Re1 50.Qh7 a4
51.Qxh6 a3 52.Qh4 Qe4 53.Qf6 a2 54.Rxa2 Qh1+  0-1

[Event "Northern California International"]
[Site "Fremont USA"]
[Date "2012.01.03"]
[Round "3"]
[White "Rodriguez,Er"]
[Black "Manvelyan,Hayk"]
[Result "1-0"]
[WhiteElo "2352"]
[BlackElo "2202"]

1.e4 e6 2.d4 d5 3.Nc3 Bb4 4.e5 b6 5.Qg4 Bf8 6.Bb5+ c6 7.Bd3 Ba6 8.Nf3 Bxd3
9.cxd3 Ne7 10.Bg5 h6 11.Bxe7 Qxe7 12.h4 Qb4 13.O-O-O Nd7 14.h5 c5 15.Rhe1 Rc8
16.Nxd5 exd5 17.e6 fxe6 18.Qxe6+ Kd8 19.Ne5 cxd4+ 20.Kb1 Nxe5 21.Rxe5 Rc5
22.Qe8+ Kc7 23.Rf5 Kb7 24.Rf7+ Ka6 25.Qb8 Be7 26.Qxh8 Rb5 27.Qc8+ Ka5 28.Qc2 a6
29.Rxg7 Bg5 30.Rc7 Rc5 31.Rxc5+ bxc5 32.Qb3 Qxb3 33.axb3 Kb4 34.Kc2  1-0

[Event "Northern California International"]
[Site "Fremont USA"]
[Date "2012.01.04"]
[Round "4"]
[White "Rensch,D"]
[Black "Abrahamyan,T"]
[Result "0-1"]
[WhiteElo "2401"]
[BlackElo "2287"]

1.e4 e6 2.d4 d5 3.Nc3 Bb4 4.e5 Ne7 5.a3 Bxc3+ 6.bxc3 c5 7.Qg4 O-O 8.Bd3 Nbc6
9.Bg5 Qa5 10.Ne2 Qa4 11.O-O b6 12.Ng3 Ng6 13.Qe2 c4 14.Bxg6 fxg6 15.Rfc1 Bd7
16.h4 Rf7 17.h5 gxh5 18.Nxh5 Ne7 19.Bxe7 Rxe7 20.Qd2 h6 21.Nf4 Rf7 22.Qe3 Rf5
23.f3 Raf8 24.Ng6 R8f7 25.Kf2 Be8 26.Qd2 Kh7 27.Nh4 Rh5 28.Rh1 g5 29.g3 gxh4
30.g4 Rg5 31.Rxh4 Rfg7 32.Rah1 h5 33.R1h2 Qxa3 34.Kg3 Qf8 35.Qd1 Kg8 36.Qc1 a5
37.R2h3 a4 38.Kh2 a3 39.Rg3 a2 40.Qb2 hxg4  0-1

[Event "XLI Rilton Cup 2011-12"]
[Site "Stockholm SWE"]
[Date "2012.01.04"]
[Round "8"]
[White "Rydstrom,Tom"]
[Black "Frisk,E"]
[Result "1-0"]
[WhiteElo "1939"]
[BlackElo "2184"]

1.e4 e6 2.d4 d5 3.Nc3 Bb4 4.e5 Ne7 5.a3 Bxc3+ 6.bxc3 b6 7.Qg4 Ng6 8.h4 h5
9.Qg3 Ba6 10.Ne2 Nc6 11.Nf4 Bxf1 12.Nxg6 Bxg2 13.Nxh8 Bxh1 14.Qxg7 Qe7 15.Bg5 Qf8
16.Qf6 Be4 17.Kd2 Ne7 18.Bh6 Qg8 19.Bg5 Nc6 20.f3 Bf5 21.Rg1 Qh7 22.Bf4 Nd8
23.Ke1 Bxc2 24.Nxf7 Qxf7 25.Qh8+ Kd7 26.Rg7 Bg6 27.Bg5 Rc8 28.Qf8 c5 29.Bxd8 Rxd8
30.Rxf7+ Kc8 31.Qe7 Bxf7 32.Qxf7  1-0

[Event "2nd Mantova Open A 2012"]
[Site "Mantova ITA"]
[Date "2012.01.05"]
[Round "5"]
[White "Mrdja,M"]
[Black "Tratar,M"]
[Result "0-1"]
[WhiteElo "2389"]
[BlackElo "2499"]

1.e4 e6 2.d4 d5 3.Nc3 Bb4 4.e5 b6 5.Qg4 Bf8 6.Bg5 Qd7 7.f4 Nc6 8.O-O-O Bb7
9.Nf3 f6 10.Bh4 Nh6 11.Qh3 f5 12.Ne1 Ne7 13.Be2 Ng6 14.Bh5 Nf7 15.Rf1 Ba6
16.Rf2 c5 17.g4 Nxh4 18.Bxf7+ Qxf7 19.Qxh4 Be7 20.Qg3 cxd4 21.Ne2 Bxe2 22.Rxe2 fxg4
23.Qxg4 O-O 24.Nd3 Qf5 25.Qg1 Rac8 26.Qxd4 Rc4 27.Qg1 g6 28.Kb1 Rfc8 29.Qg2 Kh8
30.h3 Rf8 31.Qg4 Qxg4 32.hxg4 g5 33.b3 Re4 34.Rf2 gxf4 35.Rdf1 Bg5 36.Rf3 Kg7
37.Kb2 Re2 38.Nxf4 Bxf4 39.Rxf4 Rxf4 40.Rxf4 Rxe5 41.c4 Re2+ 42.Kc3 Rxa2
43.cxd5 exd5 44.Rf5 Ra5 45.Kd4 Rb5 46.Rg5+ Kf6 47.Rf5+ Kg6  0-1

[Event "Northern California International"]
[Site "Fremont USA"]
[Date "2012.01.07"]
[Round "8"]
[White "Hunt,A"]
[Black "Abrahamyan,T"]
[Result "1/2-1/2"]
[WhiteElo "2462"]
[BlackElo "2287"]

1.e4 e6 2.d4 d5 3.Nc3 Bb4 4.e5 Ne7 5.a3 Bxc3+ 6.bxc3 c5 7.a4 Nbc6 8.Nf3 Qa5
9.Bd2 Bd7 10.Bb5 O-O-O 11.O-O f6 12.Re1 Qc7 13.Qc1 Ng6 14.Qa3 c4 15.Qc5 b6
16.Qa3 Na5 17.Rab1 Kb8 18.Bxd7 Qxd7 19.Rb5 Ka8 20.Qc1 Rhf8 21.Bf4 Nxf4 22.Qxf4 f5
23.h4  1/2-1/2

[Event "37th Seville Open"]
[Site "Seville ESP"]
[Date "2012.01.11"]
[Round "5"]
[White "Ponce Lopez,M"]
[Black "Razmyslov,A"]
[Result "0-1"]
[WhiteElo "2134"]
[BlackElo "2438"]

1.e4 e6 2.d4 d5 3.Nc3 Bb4 4.e5 b6 5.a3 Bf8 6.f4 Qd7 7.Nf3 Nh6 8.b4 c5 9.Bb5 Nc6
10.bxc5 bxc5 11.dxc5 Bxc5 12.Na4 Be7 13.O-O O-O 14.Nd4 Bb7 15.c4 Rfd8 16.c5 Qc7
17.Be3 Nxd4 18.Bxd4 Bc6 19.Rb1 Rab8 20.Qd3 Nf5 21.Bf2 h5 22.Nc3 Bxc5 23.Bxc5 Bxb5
24.Rxb5 Rxb5 25.Qxb5 Rb8 26.Bd6 Rxb5 27.Bxc7 Rc5 28.Nxd5 Rxd5 29.g3 Rd3 30.Ra1 h4
31.gxh4 Nxh4 32.Bd6 Rd2 33.Rf1 Rg2+ 34.Kh1 Rc2 35.Kg1 Nf5 36.Rd1 Kh7 37.Rd3 Kg6
38.Bb4 Kh5 39.h3 Rc4 40.Bd2 a6 41.Kg2 Rd4 42.Rxd4 Nxd4 43.Be3 Nc2 44.Bc5 Kg6
45.Kg3 Kf5 46.h4 g6 47.Bf8 Nd4 48.Bh6 a5 49.Bg5 a4 50.Bh6 Nc2 51.Bf8 Ne1
52.Bh6 Nc2 53.Bf8 Ne3 54.Kf3 Nd5 55.Bh6 Nb6 56.Bf8 Nd5 57.Bh6 Nb4 58.Bf8 Nd3
59.Bh6 Ne1+ 60.Kg3 Nc2 61.Bf8 Nd4 62.Bh6 Nc2 63.Bf8 Ne1 64.Bh6 Nc2 65.Bf8 Nd4
66.Bh6 Ke4 67.Kg4 Nc2 68.Bf8 Ne1 69.Bh6 Ng2 70.Kg3 Ne3 71.Bg5 Nc2 72.Be7 Nd4
73.Kg4 Ne2 74.Bg5 Ng1 75.Bh6 Nf3 76.Bf8 Ne1 77.Bh6 Ng2 78.Bg5 Ne3+ 79.Kg3 Nd5
80.Kg4 Kd3 81.Bh6 Ke2 82.Bf8 Ke3 83.Bh6 Ke4 84.Bg5 Ne3+ 85.Kg3 Nc4 86.Be7 Ne3
87.Bg5 Kd3 88.Kf3 Nd5 89.Bh6 Kd4 90.Bf8 Ne3 91.Bd6 Nf5 92.Kg4 Kd5 93.Bf8 Ke4
94.Kg5 Ng3 95.Kf6 Nh5+ 96.Kxf7 Kf5 97.Bh6 Ng3 98.Bg5 Ne2 99.Be7 Nxf4 100.Bf6 Nd5
101.Kg7 Nb6 102.Be7 Nc4 103.Bd6 Nd2 104.Kh6 Nf3 105.h5 gxh5 106.Kxh5 Nxe5
107.Kh4 Nc4 108.Bb4 Kf4 109.Kh3 Kf3 110.Kh2 e5 111.Kg1 e4 112.Kf1 Ne3+ 113.Kg1 Nc2  0-1

[Event "37th Seville Open"]
[Site "Seville ESP"]
[Date "2012.01.14"]
[Round "8"]
[White "Das,Arg"]
[Black "Matamoros Franco,C"]
[Result "1-0"]
[WhiteElo "2459"]
[BlackElo "2552"]

1.e4 e6 2.d4 d5 3.Nc3 Bb4 4.e5 Ne7 5.a3 Bxc3+ 6.bxc3 b6 7.Qg4 Ng6 8.h4 h5
9.Qg3 Ba6 10.Bxa6 Nxa6 11.a4 Nb8 12.Bg5 Qd7 13.Ne2 Nc6 14.Qf3 Nf8 15.Nf4 g6
16.Bf6 Rg8 17.Qg3 Ne7 18.Bxe7 Qxe7 19.Nxh5 Nd7 20.Nf4 O-O-O 21.Qg5 Qxg5 22.hxg5 Rh8
23.Ke2 Rxh1 24.Rxh1 c5 25.Rh7 Rf8 26.Nd3 Kb7 27.f4 Ka6 28.f5 gxf5 29.g6 cxd4
30.cxd4 Ka5 31.Nf4  1-0

[Event "TCh-SVK Extraliga 2011-12"]
[Site "Slovakia SVK"]
[Date "2012.01.14"]
[Round "5"]
[White "Pagerka,M"]
[Black "Lahner,J"]
[Result "0-1"]
[WhiteElo "2200"]
[BlackElo "2282"]

1.e4 e6 2.d4 d5 3.Nc3 Bb4 4.e5 Ne7 5.a3 Bxc3+ 6.bxc3 c5 7.Nf3 b6 8.Bb5+ Bd7
9.Bd3 c4 10.Be2 Ba4 11.h4 Nbc6 12.h5 h6 13.g3 Kd7 14.Bf4 Qg8 15.Rc1 Qh7 16.Nh4 Raf8
17.Ng2 f6 18.exf6 Rxf6 19.Bg4 Nf5 20.O-O Re8 21.Re1 Qg8 22.Be5 Nxe5 23.Rxe5 Kc7
24.Nf4 Bd7 25.Qe2 Nd6 26.f3 Nf7 27.Re3 Ng5 28.a4 a5 29.Kg2 Kd8 30.Rb1 Kc7
31.Re1 Kd8 32.Qd1 Bxa4 33.R1e2 Bd7 34.Ng6 Kc7 35.Ne5 Qf8 36.f4 Nf7 37.Nxd7 Kxd7
38.Qb1 Qd6 39.Qb5+ Qc6 40.Rxe6 Rexe6 41.Qxc6+ Kxc6 42.Bxe6 a4 43.Bg4 Nd6
44.Re5 Nb5 45.Re7 a3 46.Rxg7 a2 47.Rg6 Rd6 48.f5 a1=Q 49.f6 Qa8 50.Rxh6 Qd8
51.Rh7 Rxf6 52.h6 Nxc3  0-1

[Event "20th Fajr Open"]
[Site "Tabriz IRI"]
[Date "2012.01.16"]
[Round "6.14"]
[White "Moradi,A"]
[Black "Toufighi,H"]
[Result "0-1"]
[WhiteElo "2037"]
[BlackElo "2444"]

1.e4 e6 2.d4 d5 3.Nc3 Bb4 4.e5 Ne7 5.a3 Bxc3+ 6.bxc3 b6 7.Qg4 O-O 8.Bg5 Qd7
9.Bd3 Nf5 10.Bf6 Qc6 11.Kd2 g6 12.Qh3 Nd7 13.g4 Nxf6 14.exf6 e5 15.Bxf5 Qxf6
16.Bxc8 Raxc8 17.Ne2 exd4 18.Nxd4 c5 19.f4 cxd4 20.g5 Qd6 21.cxd4 Rfe8 22.Rae1 Qxf4+
23.Kd3 Qc7 24.Rxe8+ Rxe8 25.c3 Qe7 26.Rf1 Qxg5 27.Qf3 Re7 28.Qg3 Qh5 29.Qf3 Qxh2
30.Qxd5 Qg3+ 31.Rf3 Qe1 32.Qd8+ Kg7 33.Qd6 h5 34.Qf6+ Kg8 35.Qd6 b5 36.Qb8+ Re8
37.Qxb5 Qd1+ 38.Kc4 Rc8+ 39.Kd5 Rd8+ 40.Kc6 Rxd4 41.cxd4 Qxf3+ 42.d5 h4 43.Kc7 h3
44.d6 h2 45.d7 h1=Q 46.d8=Q+ Kh7 47.Qd6 Qa8 48.Qb2 Qh4 49.Qb3 Qe8 50.Qd7 Qf4+
51.Kc6 Qfe4+ 52.Kc7 Q4e5+ 53.Kc6 Qa8+ 54.Qdb7 Qe4+ 55.Kc7  0-1

[Event "20th Fajr Open"]
[Site "Tabriz IRI"]
[Date "2012.01.20"]
[Round "11.6"]
[White "Shah Moradi,Mohammad"]
[Black "Toufighi,H"]
[Result "0-1"]
[WhiteElo "2035"]
[BlackElo "2444"]

1.e4 e6 2.d4 d5 3.Nc3 Bb4 4.e5 Ne7 5.a3 Bxc3+ 6.bxc3 c5 7.Qg4 Qc7 8.Qxg7 Rg8
9.Qxh7 cxd4 10.Ne2 Nbc6 11.f4 Bd7 12.Qd3 dxc3 13.Rb1 Na5 14.Qxc3 Qd8 15.Nd4 Rc8
16.Qd3 a6 17.h4 Nac6 18.Rxb7 Nxd4 19.Qxd4 Rxc2 20.Bd2 Bc6 21.Rb1 Bb5 22.Rh3 Nf5
23.Qf2 d4 24.Rxb5 Rxd2 25.Qxd2 axb5 26.Bxb5+ Kf8 27.h5 Qd5 28.Bf1 Kg7 29.Kf2 Kh6
30.Kg1 Ne3 31.Rxe3 Qf3  0-1

[Event "TCh-LTU 2012"]
[Site "Lithuania LTU"]
[Date "2012.01.22"]
[Round "2"]
[White "Babrauskas,Darius"]
[Black "Sumskis,R"]
[Result "0-1"]
[WhiteElo "2104"]
[BlackElo "2172"]

1.e4 e6 2.d4 d5 3.Nc3 Bb4 4.e5 b6 5.a3 Bf8 6.Nf3 Ba6 7.Bxa6 Nxa6 8.Qd3 Nb8
9.Ne2 Ne7 10.O-O Ng6 11.Bg5 Be7 12.Bxe7 Qxe7 13.c4 dxc4 14.Qxc4 O-O 15.Rac1 Rc8
16.d5 exd5 17.Qxd5 Nd7 18.Rxc7 Rxc7 19.Qxa8+ Ndf8 20.Nc3 Nxe5 21.Nd4 Rd7
22.Ndb5 Nc4 23.b4 g6 24.h3 Kg7 25.Rc1 Qg5 26.Re1 Ne6 27.Kh2 Qd2 28.Re2 Qd3
29.g3 Nd2 30.a4 a6 31.Re3 Nf1+ 32.Kg2 Nxe3+  0-1

[Event "11th Marienbad IMB1"]
[Site "Marianske Lazne CZE"]
[Date "2012.01.24"]
[Round "4"]
[White "Weinwurm,W"]
[Black "Turner,R"]
[Result "1-0"]
[WhiteElo "2200"]
[BlackElo "2128"]

1.e4 e6 2.d4 d5 3.Nc3 Bb4 4.e5 Ne7 5.a3 Bxc3+ 6.bxc3 b6 7.Qg4 Ng6 8.h4 h5
9.Qg3 Ba6 10.Ne2 Kf8 11.a4 Nc6 12.Bg5 Qe8 13.Qf3 Nge7 14.Nf4 Bxf1 15.Kxf1 Nf5
16.Nxd5 Nfxd4 17.cxd4 exd5 18.Qxd5 Qe6 19.Qxe6 fxe6 20.Rd1 Ne7 21.c4 c6 22.Rh3 Rd8
23.a5 b5 24.cxb5 cxb5 25.Rc3 Rd7 26.Rdc1 Kf7 27.Rc7 Rhd8 28.a6 Ke8 29.d5 Nxd5
30.Bxd8 Kxd8 31.Rc8+ Ke7 32.Rg8 Kf7 33.Rb8 b4 34.Rcc8 Nb6 35.Rb7 b3 36.Rxd7+ Nxd7
37.Rc7 Ke8 38.Rxa7 Nc5 39.Rb7 Nxa6 40.Rxb3  1-0

[Event "Gibraltar Open"]
[Site "Caleta ENG"]
[Date "2012.01.26"]
[Round "3.56"]
[White "Mastalerz,X"]
[Black "Quillan,G"]
[Result "1/2-1/2"]
[WhiteElo "2135"]
[BlackElo "2409"]

1.e4 e6 2.d4 d5 3.Nc3 Bb4 4.e5 Ne7 5.Bd2 c5 6.Nb5 Bxd2+ 7.Qxd2 O-O 8.f4 Nbc6
9.Nf3 cxd4 10.Bd3 f6 11.O-O-O Qb6 12.exf6 Rxf6 13.Nbxd4 Bd7 14.Rhe1 Nxd4
15.Nxd4 Nc6 16.Nf3 Qb4 17.g3 Qxd2+ 18.Rxd2 h6 19.Ne5 Nxe5 20.Rxe5 Rc8 21.Rde2 a6
22.Re1 Rc6 23.Bf1 Kf7 24.Bh3 g6 25.Kd2 Rb6 26.b3 Rc6 27.R1e2 Rd6 28.c3 Rc6
29.Kd3 a5 30.Kd4 b6  1/2-1/2

[Event "11th Marienbad Open"]
[Site "Marianske Lazne CZE"]
[Date "2012.01.26"]
[Round "7"]
[White "Semenova,Ir"]
[Black "Ivanovic,Mir"]
[Result "1/2-1/2"]
[WhiteElo "2220"]
[BlackElo "2143"]

1.e4 e6 2.d4 d5 3.Nc3 Bb4 4.e5 Ne7 5.a3 Bxc3+ 6.bxc3 c5 7.Nf3 Nbc6 8.a4 Qc7
9.Ba3 b6 10.Be2 Bd7 11.O-O Na5 12.c4 dxc4 13.dxc5 bxc5 14.Qd6 Rc8 15.Qxc7 Rxc7
16.Nd2 Nd5 17.Ne4 Nb4 18.Rfc1 Na6 19.Nd6+ Ke7 20.Nxc4 Nxc4 21.Bxc4 Nb4 22.a5 Rb8
23.Rab1 Bb5 24.Bf1 Bxf1 25.Kxf1 Rcb7 26.Rd1 Rb5 27.Rb3 Rxa5 28.Rdb1 Ra6 29.Bxb4 cxb4
30.Rxb4 Rxb4 31.Rxb4  1/2-1/2

[Event "Moscow Open 2012 A"]
[Site "Moscow RUS"]
[Date "2012.01.29"]
[Round "2.52"]
[White "Pasiev,R"]
[Black "Obolenskikh,D"]
[Result "0-1"]
[WhiteElo "2312"]
[BlackElo "2510"]

1.e4 e6 2.d4 d5 3.Nc3 Bb4 4.e5 Ne7 5.Qg4 c5 6.dxc5 Nbc6 7.Nf3 d4 8.a3 Qa5
9.Rb1 dxc3 10.axb4 Qa2 11.bxc3 Qxb1 12.Kd2 Ng6 13.Bd3 Bd7 14.Re1 O-O-O 15.Qc4 Ncxe5
16.Nxe5 Nxe5 17.Rxe5 Ba4  0-1

[Event "17th HIT Open A"]
[Site "Nova Gorica SLO"]
[Date "2012.01.29"]
[Round "5"]
[White "Belardinelli,F"]
[Black "Sivic,J"]
[Result "0-1"]
[WhiteElo "1915"]
[BlackElo "2129"]

1.e4 e6 2.d4 d5 3.Nc3 Bb4 4.e5 Ne7 5.a3 Bxc3+ 6.bxc3 c5 7.Bd3 c4 8.Be2 Bd7
9.Bd2 Ba4 10.f4 Nbc6 11.Nf3 h6 12.Ra2 Kd7 13.O-O Qg8 14.Qe1 Qh7 15.Bd1 Rag8
16.h3 f5 17.exf6 gxf6 18.Qe2 Nf5 19.Be1 Ng3 20.Bxg3 Rxg3 21.Kh2 Rhg8 22.Rf2 Qg6
23.Qf1 Ne7 24.Ng1 Rxc3 25.Qe1 Qg3+ 26.Kh1 Re3 27.Qf1 Nf5 28.c3 Bxd1 29.Qxd1 Qg7
30.Rf3 Ng3+ 31.Kh2 Rxf3 32.Nxf3 Ne4 33.Qe1 Kc6 34.Rb2 Qg3+ 35.Qxg3 Nxg3 36.Nd2 Ne4
37.Nxe4 dxe4 38.g4 f5 39.Kg3 b5 40.a4 a6 41.a5 Kd5 42.Rb1 Rb8 43.Rb4 Rb7
44.Kf2 Rg7 45.Kg3 fxg4 46.hxg4 h5 47.g5 h4+ 48.Kxh4 e3 49.Kh5 Ke4 50.Kh6 Rg8
51.Kh7 Rd8 52.g6 e2 53.Rb1 Kd3 54.g7 Kxc3 55.g8=Q Rxg8 56.Kxg8 Kd2 57.f5 exf5
58.d5 c3 59.d6 c2 60.d7 cxb1=Q 61.d8=Q+ Kc2 62.Qc7+ Kb3 63.Qf7+ Ka4  0-1